Statistics for FIFA FOOTBALL ITALY PLAYERS BY PICTURE

Click here to take the quiz!

General Stats

  • This quiz has been taken 64 times
    (59 since last reset)
  • The average score is 28 of 38

Answer Stats

Answer% Correct
Gianluigi Buffon
98%
Andrea Pirlo
96%
Gianluigi Donnarumma
95%
Giorgio Chiellini
93%
Leonardo Bonucci
91%
Paolo Maldini
91%
Jorginho
89%
Marco Verratti
89%
Ciro Immobile
87%
Francesco Totti
87%
Mario Balotelli
87%
Alessandro Del Piero
80%
Fabio Cannavaro
80%
Gennaro Gattuso
80%
Roberto Baggio
80%
Sandro Tonali
80%
Federico Chiesa
76%
Nicolo Barella
76%
Lorenzo Insigne
75%
Moise Kean
73%
Stephan El Shaarawy
73%
Alessandro Nesta
71%
Daniele De Rossi
71%
Filippo Inzaghi
71%
Franco Baresi
71%
Domenico Berardi
69%
Claudio Marchisio
64%
Andrea Belotti
62%
Manuel Locatelli
60%
Andrea Barzagli
58%
Antonio Di Natale
58%
Giovanni Di Lorenzo
58%
Fabio Quagliarella
55%
Federico Bernardeschi
53%
Alessandro Florenzi
51%
Christian Vieri
49%
Leonardo Spinazzola
45%
Sebastian Giovinco
44%

Score Distribution

Percentile by Number Answered

Percent of People with Each Score

Your Score History

You have not taken this quiz since the last reset